Technológie menia strojárom produkt aj výrobu
Kľúčové priemyselné megatrendy v slovenskom strojárstve. Vstup japonského Nidecu na slovenský strojárenský trh.
Salvato in:
| Autore principale: | |
|---|---|
| Altri autori: | |
| Natura: | Capitolo di libro |
| Lingua: | slovacco |
| Soggetti: | |
| Tags: |
Nessun Tag, puoi essere il primo ad aggiungerne!!
|
MARC
| LEADER | 00000naa a2200000 4500 | ||
|---|---|---|---|
| 001 | 0243097 | ||
| 005 | 20221104112350.7 | ||
| 041 | 0 | |a slo | |
| 044 | |a SK | ||
| 245 | 1 | 0 | |a Technológie menia strojárom produkt aj výrobu |c Daniela Rifaiová, Martin Jesný |
| 520 | |a Kľúčové priemyselné megatrendy v slovenskom strojárstve. Vstup japonského Nidecu na slovenský strojárenský trh. | ||
| 610 | 2 | 0 | |a priemysel 4.0 |
| 610 | 2 | 0 | |a priemysel strojársky |
| 610 | 2 | 0 | |a technológie nové |
| 610 | 2 | 0 | |a rozvoj vedeckotechnický |
| 610 | 2 | 0 | |a Japonsko |
| 100 | 1 | |a Rifaiová, Daniela | |
| 700 | 1 | |a Jesný, Martin | |